| 000 | | | 04063nmc2a22000003x 450 |
| 001 | | | d7986c16-c5cd-4122-be67-bdd378a3425f |
| 005 | | | 20210201154017.0 |
| 100 | ## | $a | 20191018l18531853k l0rusy0189 ca |
| 101 | 0# | $a | rus |
| 102 | ## | $a | RU |
| 200 | 1# | $a | Официальные письма начальника штаба инспектора всей артиллерии генерал-лейтенанта А.П. Безака и директора Инженерного департамента Военного министерства генерал-лейтенанта А.И. Фельдмана А.И. Философову об усилении вооружения Динабургской крепости и проект ответного письма А.И. Философова А.П. Безаку |
| | $j | 18-21 октября 1853 г. |
| 251 | ## | $c | Дело |
| 300 | ## | $a | Служебные документы А.И. Философова. Служба в должности кронштадтской артиллерией и по укреплению обороны Балтийского побережья |
| 801 | #0 | $a | RU |
| | $b | РГИА |
| | $c | 20191018 |
| | $g | RCR |
| 801 | #1 | $a | RU |
| | $b | ГлавНИВЦ |
| | $c | 20191018 |
| | $2 | rusmarc |
| 801 | #2 | $a | RU |
| | $b | ПБ им. Б.Н. Ельцина |
| | $c | 20210201 |
| | $g | RCR |
| | $2 | rusmarc |
| 850 | ## | $a | РГИА |
| 852 | ## | $a | РГИА |
| | $e | Федеральное казенное учреждение "Российский государственный исторический архив" (РГИА) |
| | $j | 41 |
| 937 | ## | $h | РГИА |
| | $d | 12277630 |
| | $a | ASBIBLIO_SCAN |
| 462 | #0 | $1 | 0014d3a017d-0f59-479d-854a-a33f257889ce |
| | $1 | 2001 |
| | $a | 1620-1914 гг. |
| | $1 | 251 |
| | $c | Опись |
| | $1 | 852 |
| | $j | 1 |
| 461 | #0 | $1 | 0013ac9e1a7-0948-4040-b955-7f6f9bd0478b |
| | $1 | 2001 |
| | $a | Философов Алексей Илларионович (1799-1874), генерал- адъютант, воспитатель великих князей Николая и Михаила Николаевичей, временный военный губернатор Петербурга |
| | $1 | 251 |
| | $c | Фонд |
| | $1 | 852 |
| | $j | 1075 |
| 215 | ## | $a | 6 л. |
| | $d | 36,5х26 см |
| 371 | ## | $a | Документ не является опубликованным и широко распространяемым |
| 105 | ## | $a | y### |
| 122 | 2# | $a | d |
| 035 | ## | $a | d7986c16-c5cd-4122-be67-bdd378a3425f |
| 856 | ## | $u | http://readingroom.main.prlib.ru/item.aspx?id_node=n155911735&mode=full |